Southville International School and Colleges
Your cart is empty.
  • Cart
  • Lists
    Public lists Eva Luna New books Lux_list list_1
    Your lists Log in to create your own lists
  • Log in to your account
  • Your cookies
  • Search history
Southville International School and Colleges
  • Advanced search
  • Recent comments
  • Most popular
  • Libraries

Log in to your account

Log in with GOOGLE


If you do not have an external account, but do have a local account, you can still log in:

  1. Home
  2. MARC view: Ang Pagbenta sa imahen ng kalalakihan sa mga piling tindahang pandamit sa Pilipinas /
Normal view MARC view ISBD view

Ang Pagbenta sa imahen ng kalalakihan sa mga piling tindahang pandamit sa Pilipinas / (Record no. 121240)

[ view plain ]
MARC details
000 -LEADER
fixed length control field 00538nam a2200193Ia 4500
008 - FIXED-LENGTH DATA ELEMENTS--GENERAL INFORMATION
fixed length control field 140626s9999 xx 000 0 und d
100 ## - MAIN ENTRY--PERSONAL NAME
Personal name Cañete, Reuben.
245 ## - TITLE STATEMENT
Title Ang Pagbenta sa imahen ng kalalakihan sa mga piling tindahang pandamit sa Pilipinas /
Statement of responsibility, etc Reuben.Cañete
260 ## - PUBLICATION, DISTRIBUTION, ETC. (IMPRINT)
Date of publication, distribution, etc c2011.
300 ## - PHYSICAL DESCRIPTION
Extent 8 : 1, page 35
440 ## - SERIES STATEMENT/ADDED ENTRY--TITLE
Title Plaridel
521 ## - TARGET AUDIENCE NOTE
Target audience note
650 ## - SUBJECT ADDED ENTRY--TOPICAL TERM
Topical term or geographic name as entry element Critical theory.
650 ## - SUBJECT ADDED ENTRY--TOPICAL TERM
Topical term or geographic name as entry element Masculinity.
650 ## - SUBJECT ADDED ENTRY--TOPICAL TERM
Topical term or geographic name as entry element Political economy.
650 ## - SUBJECT ADDED ENTRY--TOPICAL TERM
Topical term or geographic name as entry element Space.
650 ## - SUBJECT ADDED ENTRY--TOPICAL TERM
Topical term or geographic name as entry element Theory of consumption.
942 ## - ADDED ENTRY ELEMENTS (KOHA)
Koha item type Periodicals
Holdings
Withdrawn status Lost status Damaged status Home library Current library Shelving location Date acquired Total Checkouts Barcode Date last seen Price effective from Koha item type
      College Library College Library Periodical Section 06/26/2014   S0348 06/26/2014 06/26/2014 Periodicals

Ang Pagbenta sa imahen ng kalalakihan sa mga piling tindahang pandamit sa Pilipinas /

APA

Cañete R., . (2011). Ang Pagbenta sa imahen ng kalalakihan sa mga piling tindahang pandamit sa Pilipinas. : .

Chicago

Cañete Reuben, . 2011. Ang Pagbenta sa imahen ng kalalakihan sa mga piling tindahang pandamit sa Pilipinas. : .

Harvard

Cañete R., . (2011). Ang Pagbenta sa imahen ng kalalakihan sa mga piling tindahang pandamit sa Pilipinas. : .

MLA

Cañete Reuben, . Ang Pagbenta sa imahen ng kalalakihan sa mga piling tindahang pandamit sa Pilipinas. : . 2011.

  • Place hold
  • Print
  • Cite
  • Add to your cart (remove)
  • Save record
    BIBTEX Dublin Core MARCXML MARC (non-Unicode/MARC-8) MARC (Unicode/UTF-8) MARC (Unicode/UTF-8, Standard) MODS (XML) RIS
  • More searches
    Search for this title in:
    Other Libraries (WorldCat) Other Databases (Google Scholar) Online Stores (Bookfinder.com) Open Library (openlibrary.org)

Exporting to Dublin Core...

SOUTHVILLE LIBRARY

Southville International School and Colleges Library

1281 Tropical Ave. Cor. Luxembourg St., BF Homes International, Las Pinas City

Tel. No. 8256374 / 252358 Loc. 117/146

Powered by Koha